| 000 | 01132nam0a2200289 4500 | ||
|---|---|---|---|
| 001 | RU\NLR\bibl\1481117 | ||
| 005 | 20260406001647.0 | ||
| 010 | _a978-5-904656-01-0 | ||
| 021 |
_aRU _b2009-109265 _96958 |
||
| 035 | _a(NLR Aleph) 001472763 | ||
| 090 |
_a1654086 _c1654086 |
||
| 100 | _a20100305d2010 |||y0rusy50 ca | ||
| 101 | 1 |
_arus _cfre |
|
| 102 | _aRU | ||
| 105 | _ay ||||||||| | ||
| 200 | 1 |
_aУтренние диалоги _eтрактат об искусстве любви _e[роман] _fНиколас де Шарьяр _g[пер. с фр. С. Буренина _gвступ. ст.: О. Овчаренко] |
|
| 210 |
_aМосква _cКнижный клуб КНИГОВЕК _aСанкт-Петербург _cСеверо-Запад _d2010 (печ. 2009) |
||
| 215 |
_a222, [2] с. _d17 |
||
| 225 | 1 | _aМанон | |
| 686 | _aШ6(4Фр)437-4{Лх1643-45} | ||
| 700 | 1 |
_4070 _8rus _7ca _aШарьяр _bН. де _fок.1550-ок.1598 _gНиколас де _3RU\NLR\AUTH\77111222 _994147 |
|
| 801 | 0 |
_aRU _bNLR _c20100305 _gRCR |
|
| 801 | 1 |
_aRU _bNLR _c20100305 |
|
| 942 | _cBOOK | ||
| 980 | _aNB | ||